000 01239nam a2200289 i 4500
001 11713
003 KOSZ 005
005 20220120121812.0
008 071013s1968 pl a f 000 0 eng
015 _aPB 1968/10380
040 _aWA N
_cKOSZ 005/RW
_dKOSZ 005/RW
041 1 _aeng
_hpol
_hrus
080 _a620.1:539.3/.6
245 0 0 _aInternal friction in materials /
_cJ. Deputat [et al. ; red. nauk. Zdzisław Pawłowski ; tł. z pol. J. Mierzejewski ; tł. z ros. E. Kania] ; Polska Akademia Nauk. Ośrodek Kształcenia i Doskonalenia Kadr Naukowych.
260 _aWrocław :
_bZakład Narodowy im. Ossolińskich Wydawnictwo PAN,
_c1968.
300 _a396, [4] s. :
_bil. ;
_c21 cm.
380 _aKsiążki.
504 _aBibliogr. przy pracach.
650 4 _aWytrzymałość materiałów
700 1 _aKania, Edward.
_eTł.
710 2 _aZakład Narodowy im. Ossolińskich
_bWydawnictwo
_4pbl.
700 1 _aPawłowski, Zdzisław
_d(1923-1998)
_eRedakcja
700 1 _aDeputat, Julian
_d(1935- )
_eAutor
700 1 _aMierzejewski, Jerzy
_eTłumaczenie
856 _uhttp://koha.tu.koszalin.pl/cgi-bin/koha/opac-detail.pl?biblionumber=11713
_yKatalog online BPK
942 _2UKD
_cKS
999 _c11713
_d11713